|
|
|
|
| LEADER |
01023nam a22002892a 4500 |
| 001 |
000976679 |
| 003 |
CZ BrMZK |
| 005 |
20250220144222.0 |
| 007 |
ta |
| 008 |
091110s1957 xr er|||||||||||cze d |
| 015 |
|
|
|a cnb000725715
|
| 035 |
|
|
|a (OCoLC)85458286
|
| 040 |
|
|
|a ABA001
|b cze
|d BOA001
|
| 041 |
1 |
|
|a cze
|h eng
|
| 100 |
1 |
|
|a Nelson, Steve,
|d 1903-1993
|4 aut
|
| 245 |
1 |
0 |
|a Dobrovolníci /
|c Steve Nelson ; z anglického originálu ... přeložila Hana Glaserová
|
| 250 |
|
|
|a 1. vyd.
|
| 260 |
|
|
|a Praha :
|b Naše vojsko,
|c 1957
|
| 300 |
|
|
|a 253 s. ;
|c 12°
|
| 490 |
1 |
|
|a Knižnice vojenských příběhů ;
|v sv. 58
|
| 700 |
1 |
|
|a Glaserová, Hana,
|d 1920-
|7 jk01032462
|4 trl
|
| 830 |
|
0 |
|a Knižnice vojenských příběhů
|
| 856 |
4 |
1 |
|u http://www.digitalniknihovna.cz/mzk/uuid/uuid:40915170-533e-11e3-ae59-005056827e52
|y Digitalizovaný dokument
|x NDK
|
| 910 |
|
|
|a BOA001
|b 1-0377.494
|
| 990 |
|
|
|a BK
|
| 991 |
|
|
|b 200911
|
| 996 |
6 |
|
|b 2619416183
|c 1-0377.494
|l MZK
|r Sklad / do 1 hodiny
|n 1
|w 000976679
|u 000010
|a 1
|e BOA001
|j MZK50
|s P
|